[Event "Oberliga Ost-B 2122"]
[Site "Germany"]
[Date "2022.03.06"]
[Round "9.2"]
[White "Langheinrich, Ferenc"]
[Black "Margolin, Boris"]
[Result "1/2-1/2"]
[WhiteElo "2351"]
[BlackElo "2402"]
[PlyCount "21"]
[EventDate "2021.10.10"]
[EventType "team-tourn"]
[EventRounds "11"]
[EventCountry "GER"]
[SourceTitle "EXT 2023"]
[Source "ChessBase"]
[SourceDate "2022.10.05"]
[SourceVersion "1"]
[SourceVersionDate "2022.10.05"]
[SourceQuality "1"]
[WhiteTeam "Erfurt Empor"]
[BlackTeam "Oberursel"]
[WhiteTeamCountry "GER"]
[BlackTeamCountry "GER"]

1. e4 e5 2. Nf3 Nf6 3. Nxe5 d6 4. Nf3 Nxe4 5. Nc3 Nxc3 6. dxc3 Be7 7. Bf4 Nc6 8. Qd2 Be6 9. Ng5 Bxg5 10. Bxg5 Qd7 11. b3 1/2-1/2

[Event "Oberliga Ost-B 1920"]
[Site "Germany"]
[Date "2021.07.17"]
[Round "10.1"]
[White "Kunin, Vitaly L"]
[Black "Margolin, Boris"]
[Result "1-0"]
[WhiteElo "2550"]
[BlackElo "2401"]
[PlyCount "91"]
[EventDate "2019.09.29"]
[EventType "team-tourn"]
[EventRounds "11"]
[EventCountry "GER"]
[SourceTitle "EXT 2023"]
[Source "ChessBase"]
[SourceDate "2022.10.05"]
[SourceVersion "1"]
[SourceVersionDate "2022.10.05"]
[SourceQuality "1"]
[WhiteTeam "Moerlenbach Birkenau"]
[BlackTeam "Oberursel"]
[WhiteTeamCountry "GER"]
[BlackTeamCountry "GER"]

1. d4 d5 2. c4 e6 3. Nc3 a6 4. cxd5 exd5 5. Nf3 Nf6 6. Bg5 Be6 7. Bxf6 Qxf6 8. Qb3 b5 9. a4 b4 10. Nxd5 Qd8 11. e4 c6 12. Qe3 cxd5 13. exd5 Qxd5 14. Rc1 Be7 15. Bd3 Ra7 16. Be4 Qd6 17. d5 Rc7 18. Rxc7 Qxc7 19. dxe6 fxe6 20. 0-0 0-0 21. Nd4 Bc5 22. Qd3 Bxd4 23. Qxd4 a5 24. Rd1 g6 25. h4 Na6 26. Bf3 Nc5 27. Qe3 Rf5 28. Bg4 Re5 29. Qg3 Kg7 30. Kh2 Ne4 31. Rd7+ Qxd7 32. Qxe5+ Nf6 33. Bxe6 Qd2 34. f3 h5 35. Bb3 Qd8 36. Bc2 Kh7 37. Qg3 Qe8 38. Qg5 b3 39. Bd3 Kg7 40. Qxa5 Qe3 41. Qc7+ Kh6 42. Qb8 Kg7 43. Qc7+ Kh6 44. Qf7 Qxd3 45. Qxf6 Kh7 46. a5 1-0

[Event "GER-ch Net blitz qual5"]
[Site "Playchess.com INT"]
[Date "2020.03.28"]
[Round "9"]
[White "Moritz, Aron"]
[Black "Margolin, Boris"]
[Result "1-0"]
[WhiteElo "2212"]
[BlackElo "2401"]
[PlyCount "57"]
[EventDate "2020.03.28"]
[EventType "swiss (blitz)"]
[EventRounds "13"]
[EventCountry "GER"]
[SourceTitle "CBM 195 Extra"]
[Source "ChessBase"]
[SourceDate "2020.05.31"]
[SourceVersion "1"]
[SourceVersionDate "2020.05.31"]
[SourceQuality "1"]

1. e4 e5 2. Nf3 Nc6 3. Bc4 Bc5 4. c3 Nf6 5. d3 a6 6. Bb3 Ba7 7. h3 0-0 8. Bg5 d6 9. Nbd2 Be6 10. Qe2 Qe7 11. Nh2 h6 12. Bh4 Rad8 13. Ng4 Bxg4 14. hxg4 g5 15. Bg3 d5 16. Rxh6 Kg7 17. Rh3 Na5 18. Bxd5 Nxd5 19. exd5 f6 20. b4 Rh8 21. bxa5 Qa3 22. Ne4 Rxh3 23. gxh3 Rxd5 24. Kf1 Qxa5 25. Kg2 c6 26. h4 Qd8 27. Rh1 Rxd3 28. hxg5 fxg5 29. Rh5 1-0

[Event "GER-ch Net blitz qual4"]
[Site "Playchess.com INT"]
[Date "2020.03.23"]
[Round "3"]
[White "Foerster, Erik"]
[Black "Margolin, Boris"]
[Result "0-1"]
[WhiteElo "2064"]
[BlackElo "2401"]
[PlyCount "72"]
[EventDate "2020.03.23"]
[EventType "swiss (blitz)"]
[EventRounds "9"]
[EventCountry "GER"]
[SourceTitle "CBM 195 Extra"]
[Source "ChessBase"]
[SourceDate "2020.05.31"]
[SourceVersion "1"]
[SourceVersionDate "2020.05.31"]
[SourceQuality "1"]

1. d4 Nf6 2. g3 d6 3. Bg2 Nbd7 4. e4 c6 5. Ne2 e5 6. Nbc3 Be7 7. a4 0-0 8. h3 b6 9. 0-0 Bb7 10. g4 a6 11. f4 b5 12. axb5 axb5 13. Rxa8 Bxa8 14. Ng3 g6 15. f5 exd4 16. Qxd4 d5 17. Qd3 Ne5 18. Qe2 d4 19. Nd1 Re8 20. g5 Nfd7 21. f6 Bf8 22. Nf2 c5 23. Ng4 Nxg4 24. Qxg4 Ne5 25. Qe2 c4 26. Bf4 Bc5 27. Kh1 d3 28. cxd3 Nxd3 29. Bd2 Bd6 30. Be1 Be5 31. h4 Nxb2 32. h5 Qd3 33. hxg6 hxg6 34. Qg4 Bxg3 35. Bxg3 Bxe4 36. Qh3 Qxf1+ 0-1

[Event "GER-ch Net blitz qual4"]
[Site "Playchess.com INT"]
[Date "2020.03.23"]
[Round "7"]
[White "Wagner, Dennis"]
[Black "Margolin, Boris"]
[Result "1/2-1/2"]
[WhiteElo "2581"]
[BlackElo "2401"]
[PlyCount "134"]
[EventDate "2020.03.23"]
[EventType "swiss (blitz)"]
[EventRounds "9"]
[EventCountry "GER"]
[SourceTitle "CBM 195 Extra"]
[Source "ChessBase"]
[SourceDate "2020.05.31"]
[SourceVersion "1"]
[SourceVersionDate "2020.05.31"]
[SourceQuality "1"]

1. Nf3 Nf6 2. d4 d5 3. c4 e6 4. g3 Be7 5. Bg2 0-0 6. Qc2 c6 7. 0-0 Nbd7 8. Nbd2 b6 9. e4 Bb7 10. e5 Ne8 11. cxd5 cxd5 12. Re1 Rc8 13. Qa4 Bc6 14. Qd1 b5 15. Bf1 Nb6 16. Bd3 b4 17. Nf1 Qd7 18. h4 Bb5 19. Bb1 g6 20. h5 Ng7 21. h6 Ne8 22. N1h2 a5 23. b3 a4 24. Ng4 Ra8 25. Bc2 axb3 26. Bxb3 Na4 27. Bg5 Bxg5 28. Nxg5 Qe7 29. Qd2 Nc3 30. Kg2 Rd8 31. Nh3 Bc4 32. Qf4 f5 33. exf6 Nxf6 34. Nxf6+ Rxf6 35. Qe5 Rdf8 36. f4 Bd3 37. Ng5 Be4+ 38. Kh2 Rf5 39. Qxe6+ Qxe6 40. Nxe6 Rh5+ 41. Kg1 Re8 42. Rxe4 Nxe4 43. Ng7 Rd8 44. Nxh5 gxh5 45. Kg2 Kf7 46. Rc1 Kf6 47. Rc6+ Kf5 48. Bd1 h4 49. gxh4 Kxf4 50. Rc7 Rg8+ 51. Rg7 Ra8 52. Bb3 Ra6 53. Bxd5 Rxh6 54. Bxe4 Kxe4 55. Rb7 Rxh4 56. Rxb4 Rh6 57. a4 Rd6 58. a5 Ra6 59. Ra4 Kd5 60. Kf3 h5 61. Kg3 Kc6 62. Kh4 Kb5 63. Ra2 Rxa5 64. Rxa5+ Kxa5 65. Kxh5 Kb5 66. Kg5 Kc4 67. d5 Kxd5 1/2-1/2

[Event "Oberliga Ost-B 1920"]
[Site "Germany"]
[Date "2019.12.08"]
[Round "5.1"]
[White "Kuznecovs, Nikita"]
[Black "Margolin, Boris"]
[Result "0-1"]
[WhiteElo "2292"]
[BlackElo "2401"]
[PlyCount "62"]
[EventDate "2019.09.29"]
[EventType "team-tourn"]
[EventRounds "11"]
[EventCountry "GER"]
[SourceTitle "EXT 2021"]
[Source "ChessBase"]
[SourceDate "2020.10.23"]
[SourceVersion "1"]
[SourceVersionDate "2020.10.23"]
[SourceQuality "1"]
[WhiteTeam "Stadtilm Blau Weiss"]
[BlackTeam "Oberursel"]
[WhiteTeamCountry "GER"]
[BlackTeamCountry "GER"]

1. d4 Nf6 2. c4 e6 3. g3 Bb4+ 4. Bd2 Bxd2+ 5. Qxd2 0-0 6. Bg2 d6 7. e4 e5 8. Ne2 Re8 9. d5 c6 10. 0-0 cxd5 11. cxd5 Nbd7 12. Nbc3 Qb6 13. Rfb1 a5 14. Na4 Qb4 15. Qd1 Nb6 16. b3 Nxa4 17. bxa4 Qc5 18. Rb5 Qa7 19. Qb3 Nd7 20. Qa3 Nc5 21. Rab1 f5 22. Rb6 fxe4 23. Rxd6 Bf5 24. g4 Bxg4 25. Nc3 Rac8 26. Nb5 Qb8 27. Rc1 Nd3 28. Rf1 Be2 29. Rb1 Nf4 30. Bxe4 Bxb5 31. axb5 Rc3 0-1

[Event "Bundesliga 1819"]
[Site "Germany"]
[Date "2019.04.06"]
[Round "14.8"]
[White "Mueller, Werner5555"]
[Black "Margolin, Boris"]
[Result "0-1"]
[WhiteElo "2089"]
[BlackElo "2386"]
[PlyCount "118"]
[EventDate "2018.11.10"]
[EventType "team-tourn"]
[EventRounds "15"]
[EventCountry "GER"]
[SourceTitle "CBM 189 Extra"]
[Source "ChessBase"]
[SourceDate "2019.06.03"]
[SourceVersion "1"]
[SourceVersionDate "2019.06.03"]
[SourceQuality "1"]
[WhiteTeam "Augsburg"]
[BlackTeam "Hofheim"]
[WhiteTeamCountry "GER"]
[BlackTeamCountry "GER"]

1. e4 c5 2. Nf3 Nc6 3. Nc3 Nd4 4. Nxd4 cxd4 5. Ne2 e5 6. Ng3 Nf6 7. Bc4 Be7 8. d3 0-0 9. 0-0 d6 10. Bg5 Be6 11. Bb3 a5 12. c3 dxc3 13. bxc3 d5 14. Bxf6 Bxf6 15. Qf3 dxe4 16. Qxe4 Bxb3 17. axb3 b6 18. Nh5 Rc8 19. c4 Rc5 20. Rad1 b5 21. h3 g6 22. Nxf6+ Qxf6 23. d4 exd4 24. Qxd4 Qxd4 25. Rxd4 bxc4 26. bxc4 Rb8 27. Ra1 Kg7 28. g4 Rb4 29. Kg2 a4 30. Ra3 Rcxc4 31. Rd7 g5 32. Ra7 Rf4 33. Kg3 h5 34. gxh5 Kh6 35. Rf3 Rxf3+ 36. Kxf3 Kxh5 37. Kg2 Kg6 38. Ra5 f6 39. f3 Rb2+ 40. Kg3 Rb4 41. Ra6 Rf4 42. Ra5 Kf7 43. Ra6 Ke7 44. Rb6 Rc4 45. Ra6 Kf7 46. Rb6 Kg6 47. Rb5 f5 48. Ra5 Rb4 49. Rd5 Rb2 50. h4 gxh4+ 51. Kxh4 Rb4+ 52. Kg3 f4+ 53. Kg4 Kf6 54. Rd8 Rc4 55. Re8 Rd4 56. Kh4 Kf5 57. Kh5 Rc4 58. Kh4 Rc6 59. Rf8+ Rf6 0-1

[Event "Bundesliga 1819"]
[Site "Germany"]
[Date "2019.03.03"]
[Round "11.6"]
[White "Wegerle, Joerg"]
[Black "Margolin, Boris"]
[Result "1-0"]
[WhiteElo "2405"]
[BlackElo "2386"]
[PlyCount "77"]
[EventDate "2018.11.10"]
[EventType "team-tourn"]
[EventRounds "15"]
[EventCountry "GER"]
[SourceTitle "CBM 189 Extra"]
[Source "ChessBase"]
[SourceDate "2019.06.03"]
[SourceVersion "1"]
[SourceVersionDate "2019.06.03"]
[SourceQuality "1"]
[WhiteTeam "Solingen"]
[BlackTeam "Hofheim"]
[WhiteTeamCountry "GER"]
[BlackTeamCountry "GER"]

1. d4 g6 2. e4 Bg7 3. Nf3 d6 4. Nc3 a6 5. Be3 b5 6. Bd3 Nd7 7. a4 b4 8. Ne2 Ngf6 9. Qd2 Rb8 10. Bh6 Bxh6 11. Qxh6 e5 12. 0-0 Ng4 13. Qd2 0-0 14. h3 Ngf6 15. Qh6 Re8 16. Ng5 Re7 17. f4 Qf8 18. Qxf8+ Kxf8 19. fxe5 dxe5 20. dxe5 Rxe5 21. Nf3 Rc5 22. e5 Ne8 23. Ned4 Kg7 24. Nb3 Rxe5 25. Nxe5 Nxe5 26. Rae1 f6 27. a5 Nd6 28. Rf4 Bf5 29. Bxa6 g5 30. Rf2 Ra8 31. Bf1 c5 32. Rd1 Nef7 33. a6 c4 34. Nc5 Bc8 35. Rfd2 Nf5 36. Bxc4 Ne3 37. Bxf7 Kxf7 38. Re1 Nc4 39. Rd8 1-0

[Event "Bundesliga 1819"]
[Site "Germany"]
[Date "2018.11.10"]
[Round "1.8"]
[White "Schmidek, Emil"]
[Black "Margolin, Boris"]
[Result "1/2-1/2"]
[WhiteElo "2387"]
[BlackElo "2386"]
[PlyCount "86"]
[EventDate "2018.11.10"]
[EventType "team-tourn"]
[EventRounds "15"]
[EventCountry "GER"]
[SourceTitle "CBM 187 Extra"]
[Source "ChessBase"]
[SourceDate "2018.11.04"]
[SourceVersion "1"]
[SourceVersionDate "2018.11.04"]
[SourceQuality "1"]
[WhiteTeam "Berlin SF"]
[BlackTeam "Hofheim"]
[WhiteTeamCountry "GER"]
[BlackTeamCountry "GER"]

1. e4 c5 2. Nf3 Nc6 3. d4 cxd4 4. Nxd4 e5 5. Nb5 a6 6. Nd6+ Bxd6 7. Qxd6 Qe7 8. Qd1 Nf6 9. Nc3 d6 10. Bg5 Be6 11. Bxf6 Qxf6 12. Qxd6 Rd8 13. Qc5 Nd4 14. Bd3 Qg5 15. Ne2 Qxg2 16. 0-0-0 Qg5+ 17. Kb1 Qe7 18. Qxe7+ Kxe7 19. Nxd4 Rxd4 20. c3 Rd6 21. Be2 Rhd8 22. Rxd6 Rxd6 23. Kc2 g6 24. b3 Bh3 25. Rg1 h6 26. Rg3 Bd7 27. Bc4 Rf6 28. f3 h5 29. Be2 Rf4 30. Kd2 Kf6 31. Ke3 g5 32. c4 g4 33. fxg4 hxg4 34. Rg1 Ke7 35. a3 a5 36. b4 axb4 37. axb4 f5 38. exf5 Bxf5 39. Rc1 Be6 40. b5 Rf8 41. Rg1 Rf4 42. Rc1 Rf8 43. Rg1 Rf4 1/2-1/2

[Event "Bundesliga 1718"]
[Site "Germany"]
[Date "2018.05.01"]
[Round "15.5"]
[White "Bacrot, Etienne"]
[Black "Margolin, Boris"]
[Result "1-0"]
[WhiteElo "2723"]
[BlackElo "2376"]
[PlyCount "81"]
[EventDate "2017.10.21"]
[EventType "team-tourn"]
[EventRounds "15"]
[EventCountry "GER"]
[SourceTitle "CBM 184"]
[Source "ChessBase"]
[SourceDate "2018.05.16"]
[SourceVersion "1"]
[SourceVersionDate "2018.05.16"]
[SourceQuality "1"]
[WhiteTeam "Baden-Baden"]
[BlackTeam "Hofheim"]
[WhiteTeamCountry "GER"]
[BlackTeamCountry "GER"]

1. d4 Nf6 2. c4 d6 3. Nf3 Bg4 4. Nc3 Nbd7 5. g3 e5 6. Bg2 Be7 7. h3 Bxf3 8. Bxf3 c6 9. 0-0 0-0 10. e3 Re8 11. Bg2 Bf8 12. Qc2 Rc8 13. Rd1 Qe7 14. b3 b5 15. Ba3 exd4 16. exd4 a5 17. Bb2 b4 18. Na4 g6 19. a3 d5 20. axb4 axb4 21. Qd3 Qe2 22. Qxe2 Rxe2 23. Kf1 Ree8 24. Rac1 Bg7 25. Rc2 Ne4 26. Bxe4 dxe4 27. Bc1 f5 28. c5 Nf6 29. Nb6 Rc7 30. Rc4 Rb7 31. Rxb4 h6 32. Nd5 Rxb4 33. Nxb4 Rb8 34. Nxc6 Rxb3 35. d5 Rc3 36. Be3 Nd7 37. d6 Bf6 38. Nb4 Rc4 39. c6 Rxb4 40. c7 Rc4 41. Rc1 1-0

[Event "Bundesliga 1718"]
[Site "Germany"]
[Date "2018.04.29"]
[Round "13.7"]
[White "Margolin, Boris"]
[Black "Kovacs, Gabor H"]
[Result "1/2-1/2"]
[WhiteElo "2376"]
[BlackElo "2463"]
[PlyCount "92"]
[EventDate "2017.10.21"]
[EventType "team-tourn"]
[EventRounds "15"]
[EventCountry "GER"]
[SourceTitle "CBM 184"]
[Source "ChessBase"]
[SourceDate "2018.05.16"]
[SourceVersion "1"]
[SourceVersionDate "2018.05.16"]
[SourceQuality "1"]
[WhiteTeam "Hofheim"]
[BlackTeam "Speyer Schwegenheim"]
[WhiteTeamCountry "GER"]
[BlackTeamCountry "GER"]

1. e4 e5 2. Nf3 Nf6 3. Nxe5 d6 4. Nf3 Nxe4 5. Nc3 Nf6 6. d4 Be7 7. Bd3 0-0 8. h3 Re8 9. 0-0 Nbd7 10. Re1 Nf8 11. Bf4 Ng6 12. Bh2 c6 13. Qd2 Bd7 14. Rad1 Bf8 15. Rxe8 Bxe8 16. d5 cxd5 17. Bxg6 hxg6 18. Nxd5 Bc6 19. Nxf6+ Qxf6 20. Nd4 Rc8 21. Bf4 Bd7 22. c3 Re8 23. Nc2 Be6 24. Re1 Bd7 25. Rd1 Be6 26. Be3 a6 27. Nb4 Qf5 28. Nd5 Bd7 29. Qd3 Bc6 30. Qxf5 gxf5 31. b3 Re5 32. Nb6 Re4 33. Rd3 f4 34. Bd2 g5 35. f3 Re6 36. Kf1 Be7 37. c4 Kf8 38. Bb4 Ke8 39. a4 f5 40. Bd2 Bd8 41. Nd5 Rh6 42. a5 Kf7 43. Bb4 Bd7 44. Be1 Bc6 45. Bb4 Bd7 46. Be1 Bc6 1/2-1/2

[Event "Bundesliga 1718"]
[Site "Germany"]
[Date "2018.03.11"]
[Round "12.7"]
[White "Margolin, Boris"]
[Black "Santos Ruiz, Miguel"]
[Result "1/2-1/2"]
[WhiteElo "2376"]
[BlackElo "2508"]
[PlyCount "103"]
[EventDate "2017.10.21"]
[EventType "team-tourn"]
[EventRounds "15"]
[EventCountry "GER"]
[SourceTitle "CBM 184"]
[Source "ChessBase"]
[SourceDate "2018.05.16"]
[SourceVersion "1"]
[SourceVersionDate "2018.05.16"]
[SourceQuality "1"]
[WhiteTeam "Hofheim"]
[BlackTeam "Aachen"]
[WhiteTeamCountry "GER"]
[BlackTeamCountry "GER"]

1. e4 c5 2. Nf3 d6 3. d4 cxd4 4. Nxd4 Nf6 5. Nc3 a6 6. Be2 e5 7. Nb3 Be7 8. Be3 Be6 9. Nd5 Nxd5 10. exd5 Bc8 11. Qd2 0-0 12. 0-0 Nd7 13. f3 f5 14. Na5 f4 15. Bf2 Bh4 16. g3 e4 17. gxh4 e3 18. Qb4 exf2+ 19. Rxf2 Ne5 20. Nc4 Nxc4 21. Bxc4 a5 22. Qd2 Qxh4 23. Re1 Bd7 24. Re4 b5 25. Bd3 Qf6 26. c3 Kh8 27. Kh1 Qg5 28. Bc2 Rf5 29. Rg2 Qh4 30. Rg4 Qh3 31. Qf2 Rxd5 32. Rh4 Rd2 33. Rxh3 Rxf2 34. Rxh7+ Kxh7 35. Re2+ g6 36. Rxf2 Re8 37. Kg2 Bc6 38. Rd2 Re6 39. Kf2 Kg7 40. h4 Kh6 41. Rd4 Rf6 42. a4 bxa4 43. Bxa4 Bxa4 44. Rxa4 Rf5 45. Rd4 Kh5 46. c4 Kxh4 47. Rxd6 Rc5 48. Rd4 g5 49. b3 Rc8 50. Rd7 Kh5 51. Rd2 a4 52. bxa4 1/2-1/2

[Event "Bundesliga 1718"]
[Site "Germany"]
[Date "2017.12.09"]
[Round "5.8"]
[White "Margolin, Boris"]
[Black "Gretz, Denis"]
[Result "1/2-1/2"]
[WhiteElo "2376"]
[BlackElo "2309"]
[PlyCount "147"]
[EventDate "2017.10.21"]
[EventType "team-tourn"]
[EventRounds "15"]
[EventCountry "GER"]
[SourceTitle "CBM 182"]
[Source "ChessBase"]
[SourceDate "2018.01.17"]
[SourceVersion "1"]
[SourceVersionDate "2018.01.17"]
[SourceQuality "1"]
[WhiteTeam "Hofheim"]
[BlackTeam "Bayern Muenchen"]
[WhiteTeamCountry "GER"]
[BlackTeamCountry "GER"]

1. e4 c5 2. Nf3 e6 3. c3 d5 4. e5 d4 5. Bd3 Nc6 6. 0-0 Nge7 7. Re1 Nd5 8. Be4 g6 9. d3 Bg7 10. c4 Nde7 11. Bg5 Bd7 12. Nbd2 h6 13. Bxe7 Qxe7 14. Bxc6 Bxc6 15. Ne4 0-0 16. Qd2 a5 17. h4 b6 18. Qf4 a4 19. Nf6+ Kh8 20. Nh2 Rfb8 21. Nhg4 h5 22. Nh2 b5 23. b3 axb3 24. axb3 Rxa1 25. Rxa1 bxc4 26. bxc4 Qb7 27. Nf3 Bxf3 28. gxf3 Qc7 29. Kg2 Qd8 30. Ra7 Bxf6 31. exf6 Kg8 32. Rc7 Qf8 33. Qe5 Rc8 34. Rd7 Qe8 35. Qd6 Qf8 36. Re7 Qd8 37. Qxd8+ Rxd8 38. Rc7 Ra8 39. Rxc5 Ra3 40. Rc8+ Kh7 41. f4 Rxd3 42. Rf8 Rc3 43. Rxf7+ Kg8 44. Rc7 Rc1 45. Kf3 Re1 46. Rd7 Kf8 47. c5 d3 48. Rxd3 Rc1 49. Rd7 Rxc5 50. Re7 Rf5 51. Rxe6 Kf7 52. Rd6 Ra5 53. Ke4 Ra2 54. Ke3 Ra3+ 55. Kd4 Ra2 56. Ke3 Ra3+ 57. Ke4 Ra2 58. Kf3 Ra3+ 59. Kg2 Ra4 60. Kg3 Ra3+ 61. f3 Ra5 62. Kf2 Ra3 63. Ke2 Rb3 64. Rc6 Ra3 65. Rd6 Rb3 66. Rd3 Rb4 67. Ke3 Kxf6 68. Rd6+ Kf5 69. Rd5+ Kf6 70. Rg5 Ra4 71. Re5 Ra2 72. Rb5 Rh2 73. Rb6+ Kf5 74. Rb5+ 1/2-1/2

[Event "Bundesliga 1718"]
[Site "Germany"]
[Date "2017.10.22"]
[Round "2.7"]
[White "Dinstuhl, Volkmar"]
[Black "Margolin, Boris"]
[Result "0-1"]
[WhiteElo "2393"]
[BlackElo "2376"]
[PlyCount "78"]
[EventDate "2017.10.21"]
[EventType "team-tourn"]
[EventRounds "15"]
[EventCountry "GER"]
[SourceTitle "CBM 181"]
[Source "ChessBase"]
[SourceDate "2017.11.10"]
[SourceVersion "1"]
[SourceVersionDate "2017.11.10"]
[SourceQuality "1"]
[WhiteTeam "Muelheim"]
[BlackTeam "Hofheim"]
[WhiteTeamCountry "GER"]
[BlackTeamCountry "GER"]

1. d4 d5 2. c4 Bf5 3. Nf3 e6 4. Qb3 Nc6 5. Bd2 Rb8 6. e3 Nf6 7. Be2 Be7 8. 0-0 h6 9. Rc1 0-0 10. Qd1 Ne4 11. Be1 Bf6 12. Nc3 Nxc3 13. Bxc3 a6 14. Bd3 Bxd3 15. Qxd3 Qd6 16. cxd5 exd5 17. g3 Rfe8 18. a4 Ne7 19. Ba5 c6 20. Bb6 Ng6 21. Ra3 Re4 22. Nd2 Re6 23. Rb1 h5 24. b4 h4 25. Rc3 Rbe8 26. Nf1 Qd7 27. Bc5 Bd8 28. b5 cxb5 29. axb5 b6 30. Ba3 a5 31. Rbc1 hxg3 32. hxg3 Rf6 33. Nd2 Qg4 34. Rc8 Rf5 35. Qf1 Rh5 36. Ra8 Kh7 37. Rcc8 Rxe3 38. Bd6 Re2 39. Rxd8 Rxd2 0-1

[Event "Oberliga Ost-B 1617"]
[Site "Germany"]
[Date "2017.05.07"]
[Round "11.2"]
[White "Margolin, Boris"]
[Black "Brueggemann, Ludger"]
[Result "1/2-1/2"]
[WhiteElo "2391"]
[BlackElo "2190"]
[PlyCount "98"]
[EventDate "2016.10.16"]
[EventType "team-tourn"]
[EventRounds "11"]
[EventCountry "GER"]
[SourceTitle "EXT 2018"]
[Source "ChessBase"]
[SourceDate "2017.10.13"]
[SourceVersion "1"]
[SourceVersionDate "2017.10.13"]
[SourceQuality "1"]
[WhiteTeam "Oberursel"]
[BlackTeam "Frankfurt TV"]
[WhiteTeamCountry "GER"]
[BlackTeamCountry "GER"]

1. e4 c5 2. Nf3 Nc6 3. Bc4 e6 4. Qe2 a6 5. c3 b5 6. Bb3 Qb6 7. 0-0 d6 8. Rd1 c4 9. Bc2 Bd7 10. b3 Na5 11. b4 Nc6 12. a4 Rb8 13. axb5 axb5 14. d3 cxd3 15. Bxd3 Nf6 16. Na3 Ne5 17. Nxe5 dxe5 18. Bd2 Be7 19. Nc2 0-0 20. Ra5 Qb7 21. Rda1 Ra8 22. f3 Rxa5 23. Rxa5 Bd8 24. Ra3 Bb6+ 25. Be3 Bc6 26. Bxb6 Qxb6+ 27. Qf2 Rb8 28. Ra5 Ne8 29. Na1 Nd6 30. Nb3 Qxf2+ 31. Kxf2 Ra8 32. Ke3 Kf8 33. Nc5 Ke7 34. Rxa8 Bxa8 35. Bc2 Bc6 36. Bb3 Nb7 37. Nd3 Kd6 38. Nb2 Ke7 39. c4 bxc4 40. Nxc4 f6 41. Kd2 Nd6 42. Nxd6 Kxd6 43. Kc3 Bb5 44. Bc4 Ba4 45. Be2 Kc6 46. Kb2 Kb6 47. Ka3 Bd7 48. Bc4 f5 49. h4 h6 1/2-1/2

[Event "Oberliga Ost-B 1617"]
[Site "Germany"]
[Date "2017.04.23"]
[Round "9.2"]
[White "Grafl, Florian"]
[Black "Margolin, Boris"]
[Result "1/2-1/2"]
[WhiteElo "2396"]
[BlackElo "2391"]
[PlyCount "50"]
[EventDate "2016.10.16"]
[EventType "team-tourn"]
[EventRounds "11"]
[EventCountry "GER"]
[SourceTitle "EXT 2018"]
[Source "ChessBase"]
[SourceDate "2017.10.13"]
[SourceVersion "1"]
[SourceVersionDate "2017.10.13"]
[SourceQuality "1"]
[WhiteTeam "Kassel"]
[BlackTeam "Oberursel"]
[WhiteTeamCountry "GER"]
[BlackTeamCountry "GER"]

1. Nf3 d5 2. b3 Bf5 3. Bb2 e6 4. e3 Nf6 5. Be2 h6 6. Ne5 Nbd7 7. f4 Be7 8. Bf3 Nxe5 9. fxe5 Nd7 10. 0-0 0-0 11. d4 Bg6 12. c4 c6 13. cxd5 cxd5 14. Nc3 Rc8 15. Rc1 a6 16. Qd2 Qb6 17. Na4 Qa7 18. Rxc8 Rxc8 19. Rc1 Qb8 20. Rxc8+ Qxc8 21. Qc3 Qxc3 22. Nxc3 b5 23. Be2 Nb6 24. a4 b4 25. Na2 Bb1 1/2-1/2